LEADER 01113nam 22003493 450 001 9910131918303321 005 20060919000000.0 010 $a88-8455-612-0 035 $a(CKB)3460000000088809 035 $a(ItFiC)it 02447851 035 $a(EXLCZ)993460000000088809 100 $a20110322d2007 uy 0 101 0 $aita 200 02$aL'antiche e le moderne carte $estudi in memoria di Giuseppe Billanovich /$fa cura di Antonio Manfredi, Carla Maria Monti 210 $aRoma [etc.] $cAntenore$d2007 215 $axix, 696 p., xxxiv p. of plates $cill. ;$d25 cm 225 0$aMedioevo e umanesimo ;$v112 300 $aCollected essays. 300 $aG. Billanovich (1913-2000). 320 $aIncludes bibliographical references. 517 $aAntiche e le moderne carte 517 $aL'antiche e le moderne carte 676 $a850 676 $a870 676 $a851 701 $aMonti$b Carla Maria$01024115 701 $aManfredi$b Antonio$0466816 801 0$bItFiC 906 $aBOOK 912 $a9910131918303321 996 $aL'antiche e le moderne carte$92433709 997 $aUNINA